Coffea Curiosa (Record no. 7687)

MARC details
000 -CABECERA
campo de control de longitud fija 00727nam a2200217 a 4500
001 - NÚMERO DE CONTROL
campo de control BRCA_8018
005 - FECHA Y HORA DE LA ÚLTIMA TRANSACCIÓN
campo de control 20190320210110.0
008 - DATOS DE LONGITUD FIJA--INFORMACIÓN GENERAL
campo de control de longitud fija 190314s1968----gw-a###f##---#001-0#ger-#
041 ## - CÓDIGO DE LENGUA
Código de lengua del texto/banda sonora o título independiente ger
044 ## - CÓDIGO DEL PAÍS DE LA ENTIDAD EDITORA/PRODUCTORA
Código MARC del país gw
050 #4 - SIGNATURA TOPOGRÁFICA DE LA BIBLIOTECA DEL CONGRESO
Número de clasificación GT2918
Número de documento/Ítem .C67
-- 1968
245 10 - MENCIÓN DE TÍTULO
Título Coffea Curiosa
Resto del título seltene und amüsante, kuriose und interessante bilder und texte über den Kaffee und von den freunden des kaffeetrinkens aus alter und neuer Zeit
Mención de responsabilidad, etc. Zusammenstellung und text: Hans H. Krützfeld.
260 ## - PUBLICACIÓN, DISTRIBUCIÓN, ETC.
Lugar de publicación, distribución, etc. Hamburg
Nombre del editor, distribuidor, etc. BR
Fecha de publicación, distribución, etc. 1968
300 ## - DESCRIPCIÓN FÍSICA
Extensión 109 p.
Otras características físicas il. a color
Dimensiones 25 cm.
500 ## - NOTA GENERAL
Nota general 3159
650 14 - PUNTO DE ACCESO ADICIONAL DE MATERIA--TÉRMINO DE MATERIA
Término de materia o nombre geográfico como elemento de entrada Café
Subdivisión de forma Bebidas
9 (RLIN) 19916
650 14 - PUNTO DE ACCESO ADICIONAL DE MATERIA--TÉRMINO DE MATERIA
Término de materia o nombre geográfico como elemento de entrada Café
Subdivisión de forma Historia
9 (RLIN) 19917
700 1# - PUNTO DE ACCESO ADICIONAL--NOMBRE DE PERSONA
Nombre de persona Krützfeld, Hans H.
Término indicativo de función/relación comp.
9 (RLIN) 19918
902 ## - CATALOGADOR
Iniciales GFM
942 ## - ELEMENTOS DE PUNTO DE ACCESO ADICIONAL (KOHA)
Fuente del sistema de clasificación o colocación Library of Congress Classification
Tipo de ítem Koha Libros
Holdings
Estado de retiro Estado de pérdida Estado dañado No para préstamo Localización permanente Ubicación/localización actual Fecha de adquisición Número de inventario Total de préstamos Signatura topográfica completa Código de barras Fecha visto por última vez Precio válido a partir de Tipo de ítem Koha
El ejemplar forma parte de la colección y puede ser consultado según las políticas vigentes.       Biblioteca del Museo Franz Mayer (Rogerio Casas-Alatriste) Biblioteca del Museo Franz Mayer (Rogerio Casas-Alatriste) 19/03/2014 3159   GT2918 .C67 1968 (3159) 8629 22/03/2019 22/03/2019 Libros